000 00499cam a22001457a 4500
008 180718b2004 xxu||||| |||| 00| 0 eng d
082 _aA81x54 01/28TH
100 _aCensus of India 2001
245 _aMaharashtra: tables on houses, household amenities and assets
260 _aDelhi
_bThe Controller of Publications
_c2004
300 _a2v
440 _aCensus of India 2001. Series-28, Maharashtra
500 _aContents: v.1. 742p.;v.2. 636p.
650 _aHousehold surveys - India - Maharashtra
999 _c491665
_d491665